Comuni della Toscana con una mappa - Statistics

Statistiche generali
  • Questo quiz è stato fatto 528 volte
  • Il punteggio medio è 71 su 273
Risposte nella Mappa
Le risposte nella mappa del quiz sottostante sono codificate secondo una scala di colori dal rosso al verde in base alla % di persone che hanno risposto correttamente.
 
Statistiche sulle risposte
Provincia Comune % Corretto
Firenze Firenze
89%
Massa-Carrara Massa
87%
Pisa Pisa
86%
Livorno Livorno
84%
Lucca Lucca
84%
Massa-Carrara Carrara
83%
Arezzo Arezzo
82%
Pistoia Pistoia
82%
Prato Prato
82%
Grosseto Grosseto
80%
Siena Siena
79%
Livorno Piombino
72%
Firenze Empoli
70%
Lucca Viareggio
70%
Livorno Portoferraio
59%
Lucca Forte dei Marmi
58%
Pistoia Montecatini Terme
57%
Firenze Sesto Fiorentino
57%
Livorno Cecina
56%
Firenze Scandicci
55%
Pisa Pontedera
54%
Grosseto Orbetello
53%
Grosseto Follonica
52%
Pisa Volterra
52%
Massa-Carrara Aulla
50%
Lucca Camaiore
50%
Firenze Fiesole
49%
Pistoia Pescia
48%
Lucca Pietrasanta
47%
Siena Poggibonsi
47%
Firenze Campi Bisenzio
46%
Massa-Carrara Pontremoli
46%
Siena San Gimignano
46%
Firenze Vinci
44%
Livorno San Vincenzo
43%
Firenze Barberino di Mugello
42%
Arezzo Cortona
42%
Grosseto Isola del Giglio
42%
Siena Montalcino
42%
Arezzo Montevarchi
42%
Livorno Rosignano Marittimo
42%
Siena Montepulciano
41%
Firenze Calenzano
39%
Firenze Certaldo
39%
Firenze Fucecchio
39%
Grosseto Massa Marittima
39%
Siena Monteriggioni
39%
Pisa San Miniato
39%
Firenze Borgo San Lorenzo
38%
Lucca Capannori
38%
Firenze Castelfiorentino
38%
Siena Chiusi
38%
Firenze Figline e Incisa Valdarno
37%
Firenze Pontassieve
37%
Firenze Signa
37%
Lucca Altopascio
36%
Lucca Bagni di Lucca
36%
Firenze Bagno a Ripoli
36%
Livorno Bibbona
36%
Livorno Capoliveri
36%
Livorno Castagneto Carducci
36%
Firenze Lastra a Signa
36%
Grosseto Monte Argentario
36%
Lucca Barga
35%
Arezzo Sansepolcro
35%
Pistoia Agliana
34%
Grosseto Castiglione della Pescaia
34%
Pistoia Abetone Cutigliano
33%
Lucca Castelnuovo di Garfagnana
33%
Firenze Montespertoli
33%
Livorno Porto Azzurro
33%
Arezzo Bibbiena
32%
Pisa Cascina
32%
Firenze Firenzuola
32%
Firenze Impruneta
32%
Firenze Montelupo Fiorentino
32%
Pistoia Ponte Buggianese
32%
Pistoia Quarrata
32%
Pisa San Giuliano Terme
32%
Prato Vaiano
32%
Pistoia Chiesina Uzzanese
31%
Firenze Greve in Chianti
31%
Lucca Massarosa
31%
Pistoia Monsummano Terme
31%
Prato Montemurlo
31%
Siena Pienza
31%
Livorno Rio
31%
Pistoia Buggiano
30%
Arezzo Castiglion Fiorentino
30%
Livorno Collesalvetti
30%
Livorno Marciana
30%
Pistoia Serravalle Pistoiese
30%
Prato Poggio a Caiano
29%
Prato Cantagallo
28%
Grosseto Capalbio
28%
Livorno Capraia Isola
28%
Pistoia Lamporecchio
28%
Pisa Ponsacco
28%
Lucca Porcari
28%
Prato Vernio
28%
Firenze Barberino Tavarnelle
27%
Prato Carmignano
27%
Siena Colle di Val d'Elsa
27%
Pistoia Montale
27%
Lucca Stazzema
27%
Pistoia Uzzano
27%
Arezzo Anghiari
26%
Pisa Buti
26%
Firenze Cerreto Guidi
26%
Pistoia Sambuca Pistoiese
26%
Siena Asciano
25%
Siena Chianciano Terme
25%
Lucca Montecarlo
25%
Livorno Campiglia Marittima
24%
Livorno Marciana Marina
24%
Arezzo Poppi
24%
Pistoia San Marcello Piteglio
24%
Livorno Campo nell'Elba
23%
Firenze Capraia e Limite
23%
Massa-Carrara Fivizzano
23%
Pistoia Massa e Cozzile
23%
Firenze San Casciano in Val di Pesa
23%
Pisa Santa Croce sull'Arno
23%
Firenze Scarperia e San Piero
23%
Siena Sinalunga
23%
Pistoia Larciano
22%
Firenze Rignano sull'Arno
22%
Lucca Seravezza
22%
Pisa Calci
21%
Firenze Dicomano
21%
Siena Gaiole in Chianti
21%
Grosseto Gavorrano
21%
Siena Piancastagnaio
21%
Grosseto Pitigliano
21%
Livorno Suvereto
21%
Firenze Vicchio
21%
Lucca Castiglione di Garfagnana
20%
Firenze Gambassi Terme
20%
Grosseto Manciano
20%
Firenze Marradi
20%
Firenze Montaione
20%
Arezzo Monte San Savino
20%
Firenze Reggello
20%
Arezzo San Giovanni Valdarno
20%
Grosseto Scansano
20%
Siena Abbadia San Salvatore
19%
Pistoia Pieve a Nievole
19%
Pisa Pomarance
19%
Lucca Borgo a Mozzano
18%
Siena Castellina in Chianti
18%
Pistoia Marliana
18%
Siena Murlo
18%
Siena San Quirico d'Orcia
18%
Pisa Bientina
17%
Arezzo Bucine
17%
Siena Buonconvento
17%
Pisa Calcinaia
17%
Pisa Capannoli
17%
Massa-Carrara Fosdinovo
17%
Pisa Lajatico
17%
Firenze Palazzuolo sul Senio
17%
Siena Radda in Chianti
17%
Siena Rapolano Terme
17%
Grosseto Roccastrada
17%
Firenze Rufina
17%
Firenze San Godenzo
17%
Firenze Vaglia
17%
Pisa Vicopisano
17%
Massa-Carrara Villafranca in Lunigiana
17%
Grosseto Arcidosso
16%
Siena Casole d'Elsa
16%
Pisa Castelfranco di Sotto
16%
Firenze Londa
16%
Arezzo Terranuova Bracciolini
16%
Arezzo Foiano della Chiana
15%
Pisa Peccioli
15%
Siena San Casciano dei Bagni
15%
Pisa Santa Luce
15%
Grosseto Sorano
15%
Pisa Vecchiano
15%
Massa-Carrara Zeri
15%
Arezzo Badia Tedalda
14%
Massa-Carrara Bagnone
14%
Siena Castelnuovo Berardenga
14%
Arezzo Chiusi della Verna
14%
Lucca Coreglia Antelminelli
14%
Lucca Gallicano
14%
Massa-Carrara Licciana Nardi
14%
Arezzo Loro Ciuffenna
14%
Grosseto Monterotondo Marittimo
14%
Massa-Carrara Montignoso
14%
Firenze Pelago
14%
Lucca Piazza al Serchio
14%
Grosseto Santa Fiora
14%
Livorno Sassetta
14%
Grosseto Scarlino
14%
Lucca Villa Basilica
14%
Pisa Castellina Marittima
13%
Arezzo Castiglion Fibocchi
13%
Siena Chiusdino
13%
Lucca Minucciano
13%
Pisa Montecatini Val di Cecina
13%
Pisa Montescudaio
13%
Pisa Montopoli in Val d'Arno
13%
Lucca Pescaglia
13%
Siena Radicofani
13%
Lucca Camporgiano
12%
Pisa Casciana Terme Lari
12%
Grosseto Castel del Piano
12%
Arezzo Cavriglia
12%
Siena Cetona
12%
Grosseto Civitella Paganico
12%
Pisa Fauglia
12%
Grosseto Magliano in Toscana
12%
Arezzo Monterchi
12%
Siena Monteroni d'Arbia
12%
Massa-Carrara Mulazzo
12%
Arezzo Talla
12%
Siena Torrita di Siena
12%
Grosseto Campagnatico
11%
Arezzo Caprese Michelangelo
11%
Lucca Careggine
11%
Massa-Carrara Casola in Lunigiana
11%
Arezzo Castelfranco Piandiscò
11%
Grosseto Castell'Azzara
11%
Siena Castiglione d'Orcia
11%
Arezzo Civitella in Val di Chiana
11%
Massa-Carrara Comano
11%
Lucca Fabbriche di Vergemoli
11%
Massa-Carrara Filattiera
11%
Grosseto Montieri
11%
Pisa Orciano Pisano
11%
Pisa Palaia
11%
Arezzo Pratovecchio Stia
11%
Lucca San Romano in Garfagnana
11%
Siena Sarteano
11%
Arezzo Sestino
11%
Massa-Carrara Tresana
11%
Lucca Vagli Sotto
11%
Arezzo Laterina Pergine Valdarno
10%
Arezzo Lucignano
10%
Lucca Pieve Fosciana
10%
Arezzo Pieve Santo Stefano
10%
Massa-Carrara Podenzana
10%
Siena Radicondoli
10%
Lucca Sillano Giuncugnano
10%
Siena Sovicille
10%
Arezzo Capolona
9%
Pisa Casale Marittimo
9%
Arezzo Castel Focognano
9%
Arezzo Castel San Niccolò
9%
Pisa Crespina Lorenzana
9%
Lucca Fosciandora
9%
Lucca Villa Collemandina
9%
Pisa Castelnuovo di Val di Cecina
8%
Pisa Chianni
8%
Arezzo Chitignano
8%
Grosseto Cinigiano
8%
Pisa Guardistallo
8%
Lucca Molazzana
8%
Arezzo Montemignaio
8%
Pisa Monteverdi Marittimo
8%
Siena Monticiano
8%
Arezzo Ortignano Raggiolo
8%
Grosseto Roccalbegna
8%
Grosseto Seggiano
8%
Grosseto Semproniano
8%
Arezzo Subbiano
8%
Arezzo Marciano della Chiana
7%
Pisa Riparbella
7%
Pisa Santa Maria a Monte
7%
Siena Trequanda
7%
Pisa Terricciola
6%
Nessun quiz corrispondente trovato
Distribuzione punteggi
Percentuale di utenti per punteggio
Percentile per numero di risposta
I tuoi punteggi nel tempo
Non hai fatto questo quiz